000 01610nam a2200241Ia 4500
999 _c51997
_d51997
001 19001
003 GE_BSU
005 20210423180442.0
008 181216s2013||||ge |||||||||||||| ||geo||
040 _cGE_BSU
041 _ageo
080 _a82 გ-96
100 _aგურგენიძე, ნინო
_911594
245 _aიოკონიმია როგორც ტოპონიმიკის სახეობა და მისი სტრუკტურულ - სემანტიკური თავისებურებანი ფრანგულ და ქართულ ენებში /
_cნინო გურგენიძე; სამეცნიერო ხელმძღვანელი ქ. ჯაში; ბათუმის შოთა რუსთაველის სახ-ფო უნ-ტი.
264 _aბათუმი,
_c2013.
300 _a174 გვ. ;
_b30 სმ.
653 _aდისერტაცია
653 _aიოკონიმია როგორც ტოპონიმიკის სახეობა და მისი სტრუკტურულ-სემანტიკური თავისებურებანი ფრანგულ და ქართულ ენებში.
653 _aლიტმცოდნეობა
700 _aჯაში, ქ.
_eსამეცნიერო ხელმძღვანელი
_911595
710 _aბათუმის შოთა რუსთაველის სახ-ფო უნ-ტი
_911596
942 _cBK
_2udc